Best Centers NBA 2023 - Statistics

General Stats
  • This quiz has been taken 426 times
  • The average score is 9 of 10
Answer Stats
# Hint Answer % Correct
1 76ers Joel Embiid
100%
2 Nuggets Nikola Jokic
99%
5 Heat Bam Adebayo
98%
3 Timberwolves Karl-Anthony Towns
98%
4 Timberwolves Rudy Gobert
97%
8 Suns Deandre Ayton
92%
7 Cavaliers Jarrett Allen
91%
6 Wizards Kristaps Porzingis
87%
9 Celtics Robert Williams
82%
10 Mavericks Christian Wood
63%
No matching quizzes found
Score Distribution
Percent of People with Each Score
Percentile by Number Answered
Your Score History
You have not taken this quiz